[Event "Santiago Club"]
[Site "Santiago de Chile"]
[Date "2013.08.23"]
[Round "3"]
[White "Contreras Vargas, Miguel"]
[Black "Weinstein Balmaceda, Tomas"]
[Result "1/2-1/2"]
[WhiteElo "2073"]
[BlackElo "1967"]
[PlyCount "90"]
[EventDate "2013.08.13"]
[EventType "tourn"]
[EventRounds "5"]
[EventCountry "CHI"]
[SourceTitle "EXT 2024"]
[Source "ChessBase"]
[SourceDate "2023.10.10"]
[SourceVersion "1"]
[SourceVersionDate "2023.10.10"]
[SourceQuality "1"]

1. e4 e6 2. d4 d5 3. Nc3 Bb4 4. e5 c5 5. a3 Bxc3+ 6. bxc3 Qa5 7. Bd2 Qa4 8. Nf3 c4 9. g3 Nc6 10. Nh4 Bd7 11. f4 0-0-0 12. Bh3 g6 13. 0-0 f6 14. Ng2 Rf8 15. Ne3 Qa5 16. Qe2 f5 17. Kh1 Nge7 18. Rfb1 h6 19. Rg1 g5 20. Nd1 g4 21. Bf1 h5 22. Be1 Ng6 23. Qe3 h4 24. Be2 Rh7 25. Qc1 Rfh8 26. Rb1 Qd8 27. Ne3 hxg3 28. Bxg3 Nh4 29. Nf1 Ne7 30. Qe3 Qa5 31. Nd2 Ba4 32. Rgc1 Rh6 33. Rb2 R8h7 34. Rcb1 b5 35. Nb3 cxb3 36. cxb3 a6 37. bxa4 Qxa4 38. c4 dxc4 39. Bxc4 bxc4 40. Rb8+ Kc7 41. R1b7+ Kc6 42. Rb6+ Kd7 43. R6b7+ Kc6 44. Rb6+ Kd7 45. R6b7+ Kc6 1/2-1/2